000 00431nam a2200157Ia 4500
008 240729s9999 xx 000 0 und d
022 _a1984-3747
245 0 _aRevista Brasileira de Odontologia
260 _aBrazil
260 _bAssociação Brasileira de Odontologia
650 _a Dentistry
650 _aMedicine
856 _uhttps://doaj.org/toc/45f7d89bab9a4db385b202cb6c0b9ec4
942 _2ddc
942 _cDOAJEJ
999 _c66395
_d66395
945 _a1
_bMadushi Gamage
_c1
_dMadushi Gamage